|
|
|
|
| LEADER |
00000nam a22000007a 4500 |
| 005 |
20160202094517.0 |
| 007 |
cr|||| ||u| |
| 008 |
160202s2015 sp ||||| ||||o00||0 spa d |
| 022 |
|
|
|a 978-84-7351-505-4
|
| 035 |
|
|
|a 13058
|
| 040 |
|
|
|a vLex
|
| 090 |
|
|
|c 5869
|d 5869
|
| 245 |
1 |
0 |
|a Cooperacin̤ en la formacin̤ entre instituciones
|h [Recurso electrn̤ico] /
|c Instituto Nacional de Administracin̤ Pb︢lica (INAP)
|
| 256 |
|
|
|a Servicio en ln̕ea
|
| 260 |
|
|
|a Espaą
|b Instituto Nacional de Administracin̤ Pb︢lica (INAP)
|c 2015
|
| 300 |
|
|
|a 1 recurso electrn̤ico (320 Pg̀inas)
|
| 506 |
1 |
|
|a Contenido solo disponible en los productos indicados
|d vLex Global
|d vLex Global (Academic Edition, excluding Law Schools)
|d vLex Global (U.S. Academic Edition, Law Schools)
|d vLex Global (U.S. Academic Edition, excluding Law Schools)
|d vLex Global (Academic Edition, Law Schools)
|
| 650 |
0 |
4 |
|a Asociaciones, instituciones etc
|z Espaą, Paraguay
|
| 740 |
0 |
|
|a vLex libros (servicio en ln̕ea)
|
| 856 |
4 |
0 |
|u http://vlex.com/source/cooperacion-formacion-instituciones-13058
|z Acceso restringido
|
| 942 |
|
|
|c BOOK
|
| 999 |
0 |
|
|a Associations, institutions, etc.; Societies
|